00345 2200145 4500245006300000250001100063100001800074650001700092650001600109005001900125260001800144041001400162084001400176336000900190 aLangkah Kecil dengan Mimpi yang BesarcMuhamad FahrihText aCet. 1 aMuhamad Fahri aAutobiografi aKarya Siswa a20250522093313 aJakartac2025 aIndonesia a081 MUH l atext